000 00906nmm a2200325 a 4500
003 AR-BaBNM
005 20251128205055.0
008 216019s1996 ||||||||||||||000 | spa||
020 _a950-02-5816-1
040 _cAR-BaBNM
100 1 _aPérez Taboada de Tappatá, Nilda
245 1 0 _aCómo estudiar eficazmente
_bguía práctica
250 _a1ª ed.
260 _aBuenos Aires
_bEl Ateneo
_c1996
300 _a101 p.
_bil., diagr., tablas
504 _aBibliografía: p. 101
650 4 _aESTUDIO
650 4 _aESTUDIO INDIVIDUAL
650 4 _aAUTOAPRENDIZAJE
650 4 _aTECNICAS DE ENSENANZA
650 4 _aMETODOS DE ESTUDIO
650 4 _aDIAGNOSTICO EDUCACIONAL
650 4 _aACTIVIDADES DE APRENDIZAJE
650 4 _aMADUREZ PARA LA LECTURA
650 4 _aHABITO DE LECTURA
650 4 _aMETODOS DE ESTUDIO
653 _aCOMPRENSION LECTORA
942 _cBK
998 _csilvi
999 _c9879
_d9879